Distance education : (Record no. 343884)

000 -LEADER
fixed length control field 00611 a2200169 4500
020 ## - INTERNATIONAL STANDARD BOOK NUMBER
International Standard Book Number 8172730365
020 ## - INTERNATIONAL STANDARD BOOK NUMBER
International Standard Book Number 9788172730369
090 ## - LOCALLY ASSIGNED LC-TYPE CALL NUMBER (OCLC); LOCAL CALL NUMBER (RLIN)
-- 1362
-- 1362
100 1# - MAIN ENTRY--PERSONAL NAME
Personal name Rai, Amar Nath.
245 10 - TITLE STATEMENT
Title Distance education :
Remainder of title open learning vs. virtual university concepts /
Statement of responsibility, etc. Amar Nath Rai.
260 ## - PUBLICATION, DISTRIBUTION, ETC.
Place of publication, distribution, etc. [S.l.] :
Name of publisher, distributor, etc. Authors Press,
Date of publication, distribution, etc. 2000.
300 ## - PHYSICAL DESCRIPTION
Extent 1 v. (unpaged)
500 ## - GENERAL NOTE
General note Hardcover.
856 40 - ELECTRONIC LOCATION AND ACCESS
Materials specified Amazon.com
Uniform Resource Identifier <a href="http://www.amazon.com/exec/obidos/ASIN/B002A9T0HS/chopaconline-20">http://www.amazon.com/exec/obidos/ASIN/B002A9T0HS/chopaconline-20</a>
856 40 - ELECTRONIC LOCATION AND ACCESS
Materials specified Amazon customer reviews
Uniform Resource Identifier <a href="http://www.chopac.org/cgi-bin/tools/azrev.pl?q=B002A9T0HS">http://www.chopac.org/cgi-bin/tools/azrev.pl?q=B002A9T0HS</a>
942 ## - ADDED ENTRY ELEMENTS (KOHA)
Institution code [OBSOLETE] NBS
Koha item type Book
Call number prefix 374.454 RAI
Holdings
Withdrawn status Lost status Damaged status Not for loan Permanent Location Current Location Date acquired Total Checkouts Full call number Barcode Date last seen Date last checked out Price effective from Koha item type
        Central Library (CL) Central Library (CL) 08/28/2013 3 374.454 RAI NBS3981 11/23/2017 08/23/2017 08/28/2013 Book
© 2023 Central Library, National University of Sciences and Technology. All Rights Reserved.